| 000 | 04034nam a2200781 i 4500 | ||
|---|---|---|---|
| 001 | 42953 | ||
| 003 | ES-MaACL | ||
| 005 | 20250822055531.0 | ||
| 007 | t| | ||
| 008 | 030314m19251927sp ||||1| spa d | ||
| 100 | 1 |
_aCastro, Guillén de. _936858 |
|
| 245 | 1 | 0 |
_aObras / _cde Don Guillén Castro. |
| 260 |
_aMadrid : _bRevista de Archivos, Bibliotecas y Museos, _c1925-1927. |
||
| 300 |
_a3 t. ; _c23 cm. |
||
| 490 | 1 | _aBiblioteca selecta de clásicos castellanos. Serie segunda | |
| 500 | _aPrecede al tít.: Real Academia Española. | ||
| 505 | 8 | _aContiene: T. I: El amor constante. El caballero bobo. Pagar en propia moneda. Progne y Filomena. Dido y Eneas. El renegado arrepentido. Allá van leyes donde quieren reyes. El cerco de Tremecén. El desengaño dichoso. El conde de Irlos. El nacimiento de Montesinos. La humildad soberbia. -- T. II: El Conde Alarcós. Donde no está su dueño, está su duelo. Cuánto se estima el honor. El perfecto caballero. Las Mocedades del Cid. La verdad averiguada y engañoso casamiento. El pobre honrado. Don Quijote de la Mancha. Las canas en el papel y dudoso en la venganza. El pretender con probreza. Los mal casados de Valencia. El curioso impertinente. Quien malas mañas ha, tarde o nunca perderá. El mejor esposo. El prodigio de los montes y mártir del cielo. -- T. III: Los enemigos hermanos. La fuerza de la costumbre. El narciso en su opinión. La piedad en la justicia. Engañarse engañando. El nieto de su padre. La fuerza de la sangre. La tragedia por los celos. El vicio en los extremos. La manzana de la discordia, y robo de Elena. Las maravillas de Babilonia. El ayo de su hijo. Quien no se aventura. Ingratitud por amor. Cornelio. Poesías. Discursos. Algunas hazañas de las muchas de Don García Hurtado de Mendoza, Marqués de Cañete. Las canas en el papel y dudoso venganza | |
| 710 | 2 |
_aReal Academia Española _96336 |
|
| 740 | 3 | _aEl amor constante. | |
| 740 | 3 | _aEl caballero bobo. | |
| 740 | 0 | _aPagar en su propia moneda. | |
| 740 | 0 | _aProgne y Filomena. | |
| 740 | 0 | _aDido y Eneas. | |
| 740 | 3 | _aEl renegado arrepentido. | |
| 740 | 0 | _aAllá van leyes donde quieren reyes. | |
| 740 | 3 | _aEl cerco de Tremecén. | |
| 740 | 3 | _aEl desengaño dichoso. | |
| 740 | 3 | _aEl conde de Irlos. | |
| 740 | 3 | _aEl nacimiento de Montesinos. | |
| 740 | 3 | _aLa humildad soberbia. | |
| 740 | 3 | _aEl Conde Alarcos. | |
| 740 | 0 | _aDonde no está su dueño, está su duelo. | |
| 740 | 0 | _aCuanto de estima el honor. | |
| 740 | 3 | _aEl perfecto caballero. | |
| 740 | 4 | _aLas Mocedades del Cid. | |
| 740 | 3 | _aLa verdad averiguada y engañoso casamiento. | |
| 740 | 3 | _aEl pobre honrado. | |
| 740 | 0 | _aDon Quijote de la Mancha. | |
| 740 | 4 | _aLas canas en el papel y dudoso en la venganza. | |
| 740 | 3 | _aEl pretender con pobreza. | |
| 740 | 4 | _aLos mal casados de Valencia. | |
| 740 | 3 | _aEl curioso impertinente. | |
| 740 | 0 | _aQuien malas mañas ha, tarde o nunca las perderá. | |
| 740 | 3 | _aEl mejor esposo. | |
| 740 | 3 | _aEl prodigio de los montes y mártir del cuelo. | |
| 740 | 4 | _aLos enemigos hermanos. | |
| 740 | 3 | _aLa fuerza de la costumbre. | |
| 740 | 3 | _aEl Narciso en su opición. | |
| 740 | 3 | _aLa piedad en la justicia. | |
| 740 | 0 | _aEngañarse engañado. | |
| 740 | 3 | _aEl nieto de su padre. | |
| 740 | 3 | _aLa fuerza de la sangre. | |
| 740 | 3 | _aLa tragedia por los celos. | |
| 740 | 3 | _aEl vicio en los extremos. | |
| 740 | 3 | _aLa manzana de la discordia, y robo de Elena. | |
| 740 | 4 | _aLas maravillas de Babilonia. | |
| 740 | 3 | _aEl ayo de su hijo. | |
| 740 | 0 | _aQuien no se aventura. | |
| 740 | 0 | _aIngratitud por amor. | |
| 740 | 0 | _aCornelio. | |
| 740 | 0 | _aPoesías. | |
| 740 | 0 | _aDiscursos. | |
| 740 | 0 | _aAlgunas hazañas de las muchas de don García Hurtado de Mendoza, Marqués de Cañete. | |
| 740 | 4 | _aLas canas en el papel y dudoso en la venganza. | |
| 830 | 0 | 0 |
_aBiblioteca selecta de clásicos castellanos _9229834 |
| 852 |
_aES-MaACL _jC-5811-13 _bR.32818 |
||
| 999 |
_c42953 _d42953 |
||